Welcome to CU Library Online Public Access Catalogue (OPAC)

To every nation under Heaven : (Record no. 7023)

MARC details
000 -LEADER
fixed length control field 00628cam a2200193 a 4500
001 - CONTROL NUMBER
control field 4491264
005 - DATE AND TIME OF LATEST TRANSACTION
control field 20250717105301.0
008 - FIXED-LENGTH DATA ELEMENTS--GENERAL INFORMATION
fixed length control field 970916s1997 pau b 001 0 eng
020 ## - INTERNATIONAL STANDARD BOOK NUMBER
International Standard Book Number 1563382210
Qualifying information pbk. : alk. paper
020 ## - INTERNATIONAL STANDARD BOOK NUMBER
International Standard Book Number 9781563382215
Qualifying information (pbk. : alk. paper)
050 00 - LIBRARY OF CONGRESS CALL NUMBER
Classification number BS2625.3
Item number .K44 1997
082 00 - DEWEY DECIMAL CLASSIFICATION NUMBER
Classification number 226.6/077
Edition information 21
100 1# - MAIN ENTRY--PERSONAL NAME
Personal name Kee, Howard Clark.
245 10 - TITLE STATEMENT
Title To every nation under Heaven :
Remainder of title the Acts of the Apostles /
Statement of responsibility, etc. Howard Clark Kee.
260 ## - PUBLICATION, DISTRIBUTION, ETC.
Place of publication, distribution, etc. Harrisburg, Pa. :
Name of publisher, distributor, etc. Trinity Press International,
Date of publication, distribution, etc. c1997.
300 ## - PHYSICAL DESCRIPTION
Extent vi, 361 p. ;
Dimensions 22 cm.
440 #4 - SERIES STATEMENT/ADDED ENTRY--TITLE
Title The New Testament in context
942 ## - ADDED ENTRY ELEMENTS (KOHA)
Source of classification or shelving scheme Library of Congress Classification
Koha item type Books
Suppress in OPAC No
999 ## -
-- 7023
-- 7023
Holdings
Withdrawn status Lost status Source of classification or shelving scheme Damaged status Not for loan Collection Home library Current library Shelving location Date acquired Total checkouts Full call number Barcode Date last seen Copy number Price effective from Koha item type
    Library of Congress Classification     Non-fiction Undergraduate Library (Christ Temple) Undergraduate Library (Christ Temple) General stacks 07/17/2025   BS2625.3 KEE ulct00003923 07/17/2025 1 07/17/2025 Books
© 2023-2024 Copyright: Central University Libraries. All Rights Reserved | Created by: Mahone Tech Office